|
|
|
|
| LEADER |
01351ppm a22003018a 4500 |
| 001 |
00027068 |
| 005 |
20171026081023.0 |
| 008 |
110928s2009 ||||||viesd |
| 041 |
0 |
# |
|a vie
|
| 082 |
1 |
4 |
|b KH108S
|a 658.3
|
| 100 |
1 |
# |
|a Lê, Minh Thiện
|
| 245 |
1 |
0 |
|a Khảo sát mức độ hài lòng của công nhân về môi trường làm việc tại công ty cổ phần In & Bao bì Đồng Tháp
|b Khóa luận tốt nghiệp : Ngành Quản trị kinh doanh: Trình độ : Đại học
|c Lê Minh Thiện; Nguyễn Thị Ngọc Lan hướng dẫn
|
| 260 |
# |
# |
|a Đồng Tháp
|b Trường Đại học Đồng Tháp
|c 2009
|
| 300 |
# |
# |
|a 83 tr.
|c 30 cm.
|b bảng
|
| 500 |
# |
# |
|a ĐTTTS ghi: Bộ Giáo dục và Đào tạo. Trường Đại học Đồng Tháp
|
| 502 |
# |
# |
|a Thư mục : tr.73
|
| 650 |
|
|
|a Công nhân
|z Công ty cổ phần In & Bao bì Đồng Tháp
|
| 653 |
# |
# |
|a Hài lòng
|
| 653 |
# |
# |
|a Khảo sát
|
| 653 |
# |
# |
|a Môi trường làm việc
|
| 700 |
1 |
# |
|a Nguyễn, Thị Ngọc Lan
|e hướng dẫn
|
| 852 |
# |
# |
|b Kho đọc
|j KD.0011662
|
| 852 |
# |
# |
|j KD.0011662
|
| 910 |
# |
# |
|a Ntuyet
|d 28/09/2011
|
| 980 |
# |
# |
|a Trung tâm Học liệu Lê Vũ Hùng, Trường Đại học Đồng Tháp
|